[Event "LTU-ch sf"]
[Site "Kaunas"]
[Date "2021.09.29"]
[Round "8"]
[White "Barsciauskas, Gintautas"]
[Black "Kavaliauskas, Tomas"]
[Result "1-0"]
[WhiteElo "1544"]
[BlackElo "1361"]
[PlyCount "101"]
[EventDate "2021.09.24"]
[EventType "swiss"]
[EventRounds "8"]
[EventCountry "LTU"]
[SourceTitle "EXT 2023"]
[Source "ChessBase"]
[SourceDate "2022.10.05"]
[SourceVersion "1"]
[SourceVersionDate "2022.10.05"]
[SourceQuality "1"]

1. c4 Nf6 2. g3 e5 3. Bg2 Bc5 4. e3 Nc6 5. Ne2 0-0 6. 0-0 d6 7. Nbc3 a6 8. d4 Ba7 9. d5 Ne7 10. e4 Bd7 11. Kh1 Ng6 12. h3 Qc8 13. Kh2 h5 14. Qd3 h4 15. Bg5 Nh7 16. Be3 hxg3+ 17. fxg3 Bxe3 18. Qxe3 f6 19. b4 Ng5 20. Ng1 Kh7 21. Qe2 Kg8 22. Rad1 Kf7 23. h4 Rh8 24. Nf3 Nxf3+ 25. Bxf3 Rh6 26. Rh1 Qh8 27. Kg1 Qh7 28. Rd2 Ne7 29. Qd1 Rh8 30. Rdh2 g5 31. h5 Rg8 32. g4 Rd8 33. a4 Qh8 34. Qb3 Qe8 35. a5 b5 36. Rc2 bxc4 37. Qxc4 Rb8 38. Kf2 Qc8 39. Kg3 Kg7 40. Rb1 c5 41. bxc5 Rxb1 42. Nxb1 Bb5 43. Qc3 dxc5 44. Qxc5 Qd8 45. Qc7 Qxc7 46. Rxc7 Kf8 47. Nc3 Bd3 48. d6 Ng8 49. Rc8+ Kf7 50. d7 Ne7 51. d8Q 1-0

[Event "LTU-ch"]
[Site "Kaunas"]
[Date "2018.03.08"]
[Round "9"]
[White "Paskauskas, Zenonas"]
[Black "Kavaliauskas, Tomas"]
[Result "0-1"]
[WhiteElo "1384"]
[BlackElo "1355"]
[PlyCount "42"]
[EventDate "2018.03.02"]
[EventType "swiss"]
[EventRounds "9"]
[EventCountry "LTU"]
[SourceTitle "CBM 183 Extra"]
[Source "ChessBase"]
[SourceDate "2018.04.19"]
[SourceVersion "1"]
[SourceVersionDate "2018.04.19"]
[SourceQuality "1"]

1. e4 c6 2. d4 d5 3. Nc3 dxe4 4. Nxe4 Bf5 5. f3 Nd7 6. Bc4 Ngf6 7. Qd3 Bg6 8. Bg5 Qa5+ 9. Bd2 Qb6 10. 0-0-0 0-0-0 11. Ne2 Qc7 12. Bg5 Nc5 13. Qe3 Ncxe4 14. Bxf6 Nxf6 15. g4 e6 16. h4 h6 17. g5 hxg5 18. hxg5 Rxh1 19. Rxh1 Nd5 20. Bxd5 cxd5 21. Rd1 Qxc2# 0-1

[Event "WchT Amateur"]
[Site "Kaunas"]
[Date "2016.11.22"]
[Round "3.4"]
[White "Kavaliauskas, Tomas"]
[Black "Skietrys, Eugenijus"]
[Result "1-0"]
[WhiteElo "1232"]
[BlackElo "1478"]
[PlyCount "89"]
[EventDate "2016.11.20"]
[EventType "team-swiss"]
[EventRounds "9"]
[EventCountry "LTU"]
[SourceTitle "CBM 175 Extra"]
[Source "ChessBase"]
[SourceDate "2016.12.12"]
[SourceVersion "1"]
[SourceVersionDate "2016.12.12"]
[SourceQuality "1"]
[WhiteTeam "Lithuania VDU II"]
[BlackTeam "Lithuania Gambiteriai"]
[WhiteTeamCountry "LTU"]
[BlackTeamCountry "LTU"]

1. d4 Nf6 2. Nf3 g6 3. e3 Bg7 4. Bc4 d5 5. Bb3 0-0 6. 0-0 Bg4 7. h3 Bd7 8. Nbd2 Re8 9. c4 c6 10. Ne5 Be6 11. Ndf3 Nbd7 12. Ng5 Nxe5 13. Nxe6 fxe6 14. dxe5 Nd7 15. f4 Rf8 16. h4 Nc5 17. Bc2 dxc4 18. Qg4 Nd3 19. Qxe6+ Kh8 20. Qxc4 Nxc1 21. Raxc1 Qb6 22. Qe4 c5 23. h5 Rad8 24. hxg6 hxg6 25. Qxg6 Qxg6 26. Bxg6 b6 27. Rcd1 e6 28. Rxd8 Rxd8 29. Bf7 Rd2 30. Rf3 Bxe5 31. fxe5 Rxb2 32. Bxe6 Rb1+ 33. Kh2 a5 34. Bd7 Rb4 35. e6 Rh4+ 36. Rh3 Rxh3+ 37. Kxh3 c4 38. e7 c3 39. e8Q+ Kg7 40. Qe5+ Kf8 41. Qxc3 Ke7 42. g4 Kxd7 43. g5 Ke7 44. g6 Kf8 45. Qf6+ 1-0

[Event "Kaunas Butnorius 70 op"]
[Site "Kaunas"]
[Date "2016.08.07"]
[Round "9"]
[White "Biveynis, Alexander"]
[Black "Kavaliauskas, Tomas"]
[Result "0-1"]
[WhiteElo "1279"]
[BlackElo "1279"]
[PlyCount "98"]
[EventDate "2016.08.01"]
[EventType "swiss"]
[EventRounds "9"]
[EventCountry "LTU"]
[SourceTitle "CBM 173 Extra"]
[Source "ChessBase"]
[SourceDate "2016.08.29"]
[SourceVersion "1"]
[SourceVersionDate "2016.08.29"]
[SourceQuality "1"]

1. d4 Nf6 2. c4 e5 3. dxe5 Ng4 4. Nf3 Nc6 5. Bf4 Bb4+ 6. Nbd2 Qe7 7. e3 Ngxe5 8. Nxe5 Nxe5 9. Be2 Bd6 10. 0-0 Ng6 11. Bxd6 Qxd6 12. Nf3 Qf6 13. b4 d6 14. Qd2 Be6 15. a3 Rd8 16. Nd4 c6 17. Nxe6 fxe6 18. Rfd1 d5 19. c5 0-0 20. f4 e5 21. fxe5 Qxe5 22. Rf1 Rde8 23. Rxf8+ Nxf8 24. Rf1 Qxe3+ 25. Qxe3 Rxe3 26. Bg4 Rxa3 27. Bc8 b6 28. Bb7 bxc5 29. bxc5 Rc3 30. Bxc6 Rxc5 31. Ba4 Rc3 32. Be8 d4 33. Bf7+ Kh8 34. Bd5 Ng6 35. Rb1 h5 36. Be4 Kh7 37. Rb7 Re3 38. Bf5 Kh6 39. Rxa7 Kg5 40. Bxg6 Kxg6 41. Ra5 Kf6 42. Rxh5 g5 43. Rh8 Ke5 44. Kf2 Ke4 45. Re8+ Kd3 46. Rxe3+ dxe3+ 47. Ke1 e2 48. g3 g4 49. Kf2 Kd2 0-1

[Event "Kaunas Butnorius 70 op"]
[Site "Kaunas"]
[Date "2016.08.05"]
[Round "8"]
[White "Kavaliauskas, Tomas"]
[Black "Rubina, Mari"]
[Result "0-1"]
[WhiteElo "1279"]
[BlackElo "1220"]
[PlyCount "26"]
[EventDate "2016.08.01"]
[EventType "swiss"]
[EventRounds "9"]
[EventCountry "LTU"]
[SourceTitle "CBM 173 Extra"]
[Source "ChessBase"]
[SourceDate "2016.08.29"]
[SourceVersion "1"]
[SourceVersionDate "2016.08.29"]
[SourceQuality "1"]

1. d4 d5 2. c4 e5 3. dxe5 d4 4. a3 Nc6 5. Nf3 Nge7 6. b4 Ng6 7. Bb2 Ncxe5 8. Nxe5 Nxe5 9. c5 Be6 10. Qxd4 Ng6 11. Qe4 Qd7 12. e3 Rd8 13. Nc3 Qd2# 0-1

[Event "Panevezys op U1600"]
[Site "Panevezys"]
[Date "2015.12.05"]
[Round "6"]
[White "Kavaliauskas, Tomas"]
[Black "Joncas, Rokas"]
[Result "1/2-1/2"]
[WhiteElo "1285"]
[BlackElo "1402"]
[PlyCount "74"]
[EventDate "2015.12.04"]
[EventType "swiss"]
[EventRounds "8"]
[EventCountry "LTU"]
[SourceTitle "CBM 169 Extra"]
[Source "ChessBase"]
[SourceDate "2015.12.18"]
[SourceVersion "1"]
[SourceVersionDate "2015.12.18"]
[SourceQuality "1"]

1. d4 e6 2. Nf3 Nf6 3. Bg5 Be7 4. e3 d5 5. c4 c6 6. cxd5 exd5 7. Bd3 0-0 8. Qc2 h6 9. Bxf6 Bxf6 10. Nbd2 Qa5 11. 0-0 Be6 12. e4 Nd7 13. exd5 Bxd5 14. Rfe1 Rad8 15. h3 Nb6 16. Bh7+ Kh8 17. Bd3 Bxf3 18. Nxf3 Bxd4 19. Nxd4 Rxd4 20. Re7 Rd7 21. Rxd7 Nxd7 22. Qb3 Nc5 23. Qc2 Nxd3 24. Qxd3 Rd8 25. Qb3 Qc7 26. Re1 Kg8 27. Qa3 a6 28. g3 Qc8 29. Kg2 Rd7 30. h4 Qd8 31. Qb4 Rc7 32. Qb6 Rd7 33. Qb4 Rc7 34. Re3 Qd5+ 35. Kh3 Qd8 36. Qe1 Kf8 37. Qb4+ Kg8 1/2-1/2